00232nam a2200085Ia 450000100070000000500170000700800410002424500600006526000210012571700520250826162955.0250824s9999 xx 000 0 und d 0aSAATLERİ AYARLAMA ENSTİTÜSÜcAHMET HALUK DURSUN bDERGAH YAYINLARI